000
00302nam a22001217a 4500
008
181123b xxu||||| |||| 00| 0 eng d
041
_a
eng
080
_a
043.3
100
_a
0
101
_a
BTH-SHP
245
_a
OKB dhe Operacionet paqeruajtëse-sukseset dhe dështimet
_c
Zhjeçi,A
942
_2
udc
_c
BK
999
_c
52455
_d
52455